<?xml version="1.0" encoding="UTF-8"?>
<record
    xmlns:xsi="http://www.w3.org/2001/XMLSchema-instance"
    xsi:schemaLocation="http://www.loc.gov/MARC21/slim http://www.loc.gov/standards/marcxml/schema/MARC21slim.xsd"
    xmlns="http://www.loc.gov/MARC21/slim">

  <leader>01057nam a2200241 a 4500</leader>
  <controlfield tag="001">39122</controlfield>
  <controlfield tag="003">BD-RjUL</controlfield>
  <controlfield tag="005">20211209052925.0</controlfield>
  <controlfield tag="008">160405s2010    bg ||||e |||| 00| 0 ben d</controlfield>
  <datafield tag="020" ind1=" " ind2=" ">
    <subfield code="a">9847000001399 :</subfield>
    <subfield code="c">TK.200.00</subfield>
  </datafield>
  <datafield tag="035" ind1=" " ind2=" ">
    <subfield code="a">(BD-RjUL)39234</subfield>
  </datafield>
  <datafield tag="040" ind1=" " ind2=" ">
    <subfield code="a">BD-RjUL</subfield>
    <subfield code="b">ben</subfield>
    <subfield code="c">BD-RjUL</subfield>
  </datafield>
  <datafield tag="041" ind1=" " ind2=" ">
    <subfield code="a">ben</subfield>
  </datafield>
  <datafield tag="082" ind1=" " ind2=" ">
    <subfield code="2">23</subfield>
    <subfield code="a">330.9095492</subfield>
    <subfield code="b">RAB 2010</subfield>
  </datafield>
  <datafield tag="100" ind1=" " ind2=" ">
    <subfield code="a">&#x9B0;&#x9B9;&#x9AE;&#x9BE;&#x9A8;, &#x9AC;&#x99C;&#x9B2;&#x9C1;&#x9B0;</subfield>
    <subfield code="9">120721</subfield>
  </datafield>
  <datafield tag="245" ind1="1" ind2="0">
    <subfield code="a">&#x9AC;&#x9BE;&#x982;&#x9B2;&#x9BE;&#x9A6;&#x9C7;&#x9B6;&#x9C7;&#x9B0; &#x985;&#x9B0;&#x9CD;&#x9A5;&#x9A8;&#x9C0;&#x9A4;&#x9BF;&#x9B0; &#x9B9;&#x9BE;&#x9B2;&#x99A;&#x9BE;&#x9B2; :</subfield>
    <subfield code="b">(&#x9E7;&#x9EF;&#x9ED;&#x9EA;-&#x9E7;&#x9EF;&#x9EE;&#x9ED;) /</subfield>
    <subfield code="c">&#x9AC;&#x99C;&#x9B2;&#x9C1;&#x9B0; &#x9B0;&#x9B9;&#x9AE;&#x9BE;&#x9A8; ; &#x9B8;&#x9AE;&#x9CD;&#x9AA;&#x9BE;&#x9A6;&#x9A8;&#x9BE; :&#x986;&#x9A8;&#x9BF;&#x9B8;&#x9C1;&#x99C;&#x9CD;&#x99C;&#x9BE;&#x9AE;&#x9BE;&#x9A8; &#x9AE;&#x9BE;&#x9A8;&#x9BF;&#x995;</subfield>
  </datafield>
  <datafield tag="260" ind1=" " ind2=" ">
    <subfield code="a">&#x9A2;&#x9BE;&#x995;&#x9BE; :</subfield>
    <subfield code="b">&#x99C;&#x9BE;&#x9A4;&#x9C0;&#x9AF;&#x9BC; &#x9B8;&#x9BE;&#x9B9;&#x9BF;&#x9A4;&#x9CD;&#x9AF; &#x9AA;&#x9CD;&#x9B0;&#x995;&#x9BE;&#x9B6;,</subfield>
    <subfield code="c">&#x9E8;&#x9E6;&#x9E7;&#x9E6;.</subfield>
  </datafield>
  <datafield tag="300" ind1=" " ind2=" ">
    <subfield code="a">&#x9E7;&#x9EB;&#x9EE; &#x9AA;&#x9C3;.;</subfield>
    <subfield code="c">&#x9E8;&#x9E7; &#x9B8;&#x9C7;&#x9AE;&#x9BF;</subfield>
  </datafield>
  <datafield tag="650" ind1=" " ind2=" ">
    <subfield code="a">&#x985;&#x9B0;&#x9CD;&#x9A5;&#x9A8;&#x9C0;&#x9A4;&#x9BF;</subfield>
    <subfield code="z">&#x9AC;&#x9BE;&#x982;&#x9B2;&#x9BE;&#x9A6;&#x9C7;&#x9B6;</subfield>
    <subfield code="9">120722</subfield>
  </datafield>
  <datafield tag="650" ind1=" " ind2=" ">
    <subfield code="a">Economics</subfield>
    <subfield code="z">Bangladesh</subfield>
    <subfield code="9">117492</subfield>
  </datafield>
  <datafield tag="700" ind1=" " ind2=" ">
    <subfield code="a">&#x9AE;&#x9BE;&#x9A8;&#x9BF;&#x995;, &#x986;&#x9A8;&#x9BF;&#x9B8;&#x9C1;&#x99C;&#x9CD;&#x99C;&#x9BE;&#x9AE;&#x9BE;&#x9A8;, &#x9B8;&#x9AE;&#x9CD;&#x9AA;&#x9BE;&#x9A6;&#x995;</subfield>
    <subfield code="9">120723</subfield>
  </datafield>
  <datafield tag="942" ind1=" " ind2=" ">
    <subfield code="2">ddc</subfield>
    <subfield code="c">BK</subfield>
  </datafield>
  <datafield tag="999" ind1=" " ind2=" ">
    <subfield code="c">39122</subfield>
    <subfield code="d">39122</subfield>
  </datafield>
  <datafield tag="952" ind1=" " ind2=" ">
    <subfield code="0">0</subfield>
    <subfield code="1">0</subfield>
    <subfield code="2">ddc</subfield>
    <subfield code="4">0</subfield>
    <subfield code="7">1</subfield>
    <subfield code="8">NFIC</subfield>
    <subfield code="a">RUCL</subfield>
    <subfield code="b">RUCL</subfield>
    <subfield code="c">Reading</subfield>
    <subfield code="d">2013-07-31</subfield>
    <subfield code="e">Jatiya Sahitya Prakash, Dhaka</subfield>
    <subfield code="g">200.00</subfield>
    <subfield code="l">0</subfield>
    <subfield code="o">B 330.9095492 RAB 2010</subfield>
    <subfield code="r">2016-04-05 00:00:00</subfield>
    <subfield code="t">C-1</subfield>
    <subfield code="w">2021-12-09</subfield>
    <subfield code="y">BK</subfield>
  </datafield>
  <datafield tag="952" ind1=" " ind2=" ">
    <subfield code="0">0</subfield>
    <subfield code="1">0</subfield>
    <subfield code="2">ddc</subfield>
    <subfield code="4">0</subfield>
    <subfield code="7">0</subfield>
    <subfield code="8">NFIC</subfield>
    <subfield code="a">RUCL</subfield>
    <subfield code="b">RUCL</subfield>
    <subfield code="c">Stack</subfield>
    <subfield code="d">2013-07-31</subfield>
    <subfield code="e">Jatiya Sahitya Prakash, Dhaka</subfield>
    <subfield code="g">200.00</subfield>
    <subfield code="l">0</subfield>
    <subfield code="o">B 330.9095492 RAB 2010</subfield>
    <subfield code="r">2016-04-05 00:00:00</subfield>
    <subfield code="t">C-2</subfield>
    <subfield code="w">2016-04-05</subfield>
    <subfield code="y">BK</subfield>
  </datafield>
  <datafield tag="952" ind1=" " ind2=" ">
    <subfield code="0">0</subfield>
    <subfield code="1">0</subfield>
    <subfield code="2">ddc</subfield>
    <subfield code="4">0</subfield>
    <subfield code="7">0</subfield>
    <subfield code="8">NFIC</subfield>
    <subfield code="a">RUCL</subfield>
    <subfield code="b">RUCL</subfield>
    <subfield code="c">Stack</subfield>
    <subfield code="d">2013-07-31</subfield>
    <subfield code="e">Jatiya Sahitya Prakash, Dhaka</subfield>
    <subfield code="g">200.00</subfield>
    <subfield code="l">0</subfield>
    <subfield code="o">B 330.9095492 RAB 2010</subfield>
    <subfield code="r">2016-04-05 00:00:00</subfield>
    <subfield code="t">C-3</subfield>
    <subfield code="w">2016-04-05</subfield>
    <subfield code="y">BK</subfield>
  </datafield>
</record>
